000 00904cam a2200217 4500
001 WB3732-36
008 010822n2001 000 0 eng u
035 _a(Sirsi) u114255
245 _aCaveat pre-emptor
260 _c2001
490 _aEstates Gazette
_v(0133) 18 August 2001, 85(1)
520 _aDiscusses rights of pre-emption and the light thrown on these much debated rights by the recent CA ruling in "Bircham & Co Nominees (No 2) Ltd v Worrell Holdings Ltd". This ruling suggests that much will depend upon the drafting of the right of pre-emption.
590 _aWB
650 _aBIRCHAM AND CO NOMINEES (NO 2) LTD AND ANOTHER V WORRELL HOLDINGS LTD
650 _aRIGHT OF PRE-EMPTION
650 _aPROPERTY-LEASEHOLD PROPERTY
650 _aLAW OF PROPERTY (MISCELLANEOUS PROVISIONS) ACT 1989
650 _aPRITCHARD V BRIGGS
690 _aLANDLORD AND TENANT-LEASES
942 _n0
999 _c68056
_d68056